杯中故园:茶与中国人的风味生活 (Record no. 322931)

000 -LEADER
fixed length control field 00375 a2200145 4500
020 ## - ISBN
ISBN 9787224157918
082 ## - 索书号 Call Number
分类号Classification number 974.7
作者号 Author number 7350
100 ## - 作者
作者 张玉瑶;曾子芊 著
245 ## - 书名 TITLE
书名Title 杯中故园:茶与中国人的风味生活
250 ## - 版本 EDITION STATEMENT
版本叙述 Edition statement 初版;平装
260 ## - 出版项PUBLICATION, DISTRIBUTION, ETC. (IMPRINT)
出版社 Name of publisher 陕西人民出版社
出版日期 Date of publication 2025
出版地 Place of publication 西安
300 ## - 稽核项 PHYSICAL DESCRIPTION
页数 Number of Pages 187页
尺寸 Dimensions 19公分
500 ## - 一般附注 GENERAL NOTE
附注 General note
942 ## - ADDED ENTRY ELEMENTS (KOHA)
Koha item type Books
Holdings
Source of classification or shelving scheme Not for loan Permanent Location Current Location Shelving location Date acquired Source of acquisition Cost, normal purchase price Full call number Barcode Cost, replacement price Koha item type
    LIBRARY CHUNG HWA HIGH SCHOOL MUAR LIBRARY CHUNG HWA HIGH SCHOOL MUAR 9 艺术类(一楼) 2026-03-25 45.00 974.7 7350 050287 90.00 Books

Powered by Koha